000 00849nam a2200265 4500
001 11895
003 BD-RjUL
005 20211208235212.0
008 140127s1990 enkaf b 001 0 eng c
020 _a0521386489 (pbk.)
035 _a(BD-RjUL)11944
040 _aDNLM/DLC
_cDLC
_dBD-RjUL
_beng
041 _aeng
082 0 0 _a572.6
_223
_bPEM 1990
100 1 _aPerutz, Max F.
_936869
245 1 0 _aMechanisms of cooperativity and allosteric regulation in proteins /
_cMax Perutz.
260 _aNew York :
_bCambridge University Press,
_cc1990.
300 _ax, 101 p. :
_bill. ;
_c25 cm.
504 _aIncludes bibliographical references and index.
650 0 _aproteins
_936870
_xmetabolism
650 0 _aAllosteric proteins.
_9215037
650 0 _aAllosteric regulation.
_936871
650 0 _aAllosteric enzymes.
_936872
942 _2ddc
_cBK
999 _c11895
_d11895